[Event "Team Championship Russia (Blitz, Men)"]
[Site "Sochi"]
[Date "2018.10.10"]
[Round "4.8"]
[White "Romanov, Evgeny"]
[Black "Iljiushenok, Ilia"]
[Result "0-1"]
[BlackElo "2538"]
[WhiteElo "2523"]
[LiveChessVersion "1.4.8"]

1. d4 {[%clk 0:03:03]} Nf6 {[%clk 0:03:03]} 2. Bg5 {[%clk 0:03:05]} Ne4
{[%clk 0:03:01]} 3. Bf4 {[%clk 0:03:05]} c5 {[%clk 0:03:02]} 4. f3
{[%clk 0:03:06]} Qa5+ {[%clk 0:03:02]} 5. c3 {[%clk 0:03:07]} Nf6
{[%clk 0:03:01]} 6. Nd2 {[%clk 0:03:08]} cxd4 {[%clk 0:02:58]} 7. Nb3
{[%clk 0:03:09]} Qb6 {[%clk 0:02:58]} 8. Qxd4 {[%clk 0:03:09]} Nc6
{[%clk 0:02:58]} 9. Qxb6 axb6 {[%clk 0:02:59]} 10. e4 {[%clk 0:03:07]} d5
{[%clk 0:02:46]} 11. exd5 {[%clk 0:03:03]} Nxd5 {[%clk 0:02:47]} 12. Bd2
{[%clk 0:02:59]} e5 {[%clk 0:02:46]} 13. a3 {[%clk 0:02:49]} Be6 {[%clk 0:02:47]}
14. Nc1 {[%clk 0:02:39]} Be7 {[%clk 0:02:27]} 15. Bd3 {[%clk 0:02:27]} O-O
{[%clk 0:02:25]} 16. Nge2 {[%clk 0:02:28]} Rfd8 {[%clk 0:02:26]} 17. Bc2
{[%clk 0:02:01]} Na5 {[%clk 0:02:19]} 18. Nd3 {[%clk 0:01:50]} Nc4
{[%clk 0:02:16]} 19. Bc1 {[%clk 0:01:05]} Nde3 {[%clk 0:02:14]} 20. Bb1
{[%clk 0:01:04]} Nxg2+ {[%clk 0:02:08]} 21. Kf2 {[%clk 0:01:05]} Nh4
{[%clk 0:02:02]} 22. Ng3 {[%clk 0:01:06]} Nf5 {[%clk 0:01:44]} 23. Re1
{[%clk 0:01:05]} Nxg3 {[%clk 0:01:41]} 24. hxg3 {[%clk 0:01:06]} f6
{[%clk 0:01:41]} 25. Bc2 {[%clk 0:01:04]} b5 {[%clk 0:01:41]} 26. Rb1
{[%clk 0:00:53]} Bf5 {[%clk 0:01:43]} 27. Nb4 {[%clk 0:00:45]} Bc5+
{[%clk 0:01:44]} 28. Kg2 {[%clk 0:00:43]} Bxc2 {[%clk 0:01:33]} 29. Nxc2
{[%clk 0:00:44]} Nd2 {[%clk 0:01:31]} 30. Ra1 {[%clk 0:00:45]} Nb3
{[%clk 0:01:30]} 31. Rb1 {[%clk 0:00:46]} Nxc1 {[%clk 0:01:27]} 32. Rbxc1
{[%clk 0:00:47]} Rd2+ {[%clk 0:01:28]} 33. Kh3 {[%clk 0:00:45]} Rad8
{[%clk 0:01:29]} 34. b4 {[%clk 0:00:37]} Bf2 {[%clk 0:01:26]} 35. Rf1
{[%clk 0:00:37]} R8d3 {[%clk 0:01:25]} 36. Na1 {[%clk 0:00:36]} Rxf3
{[%clk 0:01:22]} 37. Nb3 {[%clk 0:00:34]} Ra2 {[%clk 0:01:13]} 38. Ra1
{[%clk 0:00:29]} Rb2 {[%clk 0:01:05]} 39. Rab1 {[%clk 0:00:27]} Rxg3+
{[%clk 0:01:05]} 40. Kh2 {[%clk 0:00:28]} Rxb1 {[%clk 0:01:02]} 41. Rxb1
{[%clk 0:00:29]} Rxc3 {[%clk 0:01:02]} 42. Na5 {[%clk 0:00:30]} b6
{[%clk 0:01:03]} 43. Nb7 {[%clk 0:00:30]} e4 {[%clk 0:00:58]} 44. Kg2
{[%clk 0:00:27]} Rc2 {[%clk 0:00:57]} 45. Kf1 {[%clk 0:00:24]} Bg3
{[%clk 0:00:57]} 46. Rd1 {[%clk 0:00:23]} e3 {[%clk 0:00:58]} 0-1

[Event "Team Championship Russia (Blitz, Men)"]
[Site "Sochi"]
[Date "2018.10.10"]
[Round "4.9"]
[White "Ponkratov, Pavel"]
[Black "Potapov, Pavel"]
[Result "0-1"]
[BlackElo "2459"]
[WhiteElo "2647"]
[LiveChessVersion "1.4.8"]

1. d4 {[%clk 0:03:00]} d5 {[%clk 0:03:03]} 2. c4 {[%clk 0:03:01]} e5
{[%clk 0:03:04]} 3. dxe5 {[%clk 0:03:02]} d4 {[%clk 0:03:05]} 4. Nf3 Nc6 5. Nbd2
{[%clk 0:03:03]} Nge7 {[%clk 0:03:06]} 6. Nb3 {[%clk 0:03:04]} Nf5
{[%clk 0:03:07]} 7. e4 {[%clk 0:03:05]} dxe3 {[%clk 0:03:01]} 8. Qxd8+
{[%clk 0:03:04]} Nxd8 {[%clk 0:03:01]} 9. fxe3 {[%clk 0:03:05]} Nc6
{[%clk 0:02:58]} 10. Kf2 {[%clk 0:03:00]} Be6 {[%clk 0:02:48]} 11. Bd2
{[%clk 0:02:57]} O-O-O {[%clk 0:02:47]} 12. Bc3 {[%clk 0:02:58]} Bb4
{[%clk 0:02:46]} 13. Nbd4 {[%clk 0:02:45]} Bxc3 {[%clk 0:02:39]} 14. bxc3
{[%clk 0:02:45]} Na5 {[%clk 0:02:09]} 15. c5 {[%clk 0:02:46]} h6 {[%clk 0:01:59]}
16. Bd3 {[%clk 0:02:44]} Ne7 {[%clk 0:01:56]} 17. Be4 {[%clk 0:02:45]} Nd5
{[%clk 0:01:46]} 18. Rhc1 {[%clk 0:02:33]} Nc4 {[%clk 0:01:45]} 19. c6
{[%clk 0:02:34]} b6 {[%clk 0:01:38]} 20. a4 {[%clk 0:02:11]} a5 {[%clk 0:01:39]}
21. Nf5 {[%clk 0:01:59]} Bxf5 {[%clk 0:01:23]} 22. Bxf5+ {[%clk 0:02:00]} Kb8
{[%clk 0:01:25]} 23. e4 {[%clk 0:01:57]} Nf4 {[%clk 0:01:22]} 24. Rd1
{[%clk 0:01:35]} Nd3+ {[%clk 0:01:18]} 25. Kg3 {[%clk 0:01:36]} Ndxe5
{[%clk 0:01:18]} 26. Rd4 {[%clk 0:01:37]} f6 {[%clk 0:00:59]} 27. Rad1
{[%clk 0:01:37]} Nd6 {[%clk 0:00:59]} 28. Nxe5 {[%clk 0:01:28]} fxe5
{[%clk 0:01:00]} 29. Rd5 {[%clk 0:01:29]} g6 {[%clk 0:00:52]} 30. Bg4
{[%clk 0:00:49]} Nxe4+ 31. Kf3 Rxd5 {[%clk 0:00:48]} 32. Rxd5 {[%clk 0:00:52]}
Nxc3 {[%clk 0:00:49]} 33. Rxe5 {[%clk 0:00:53]} Nxa4 {[%clk 0:00:47]} 34. Re6
{[%clk 0:00:54]} g5 {[%clk 0:00:46]} 35. Ke3 {[%clk 0:00:47]} Nc5
{[%clk 0:00:47]} 36. Rg6 {[%clk 0:00:46]} Rd8 {[%clk 0:00:33]} 37. Rxh6
{[%clk 0:00:43]} a4 {[%clk 0:00:34]} 38. Bh5 {[%clk 0:00:44]} Rf8
{[%clk 0:00:26]} 39. Be2 {[%clk 0:00:36]} a3 {[%clk 0:00:26]} 40. Bc4
{[%clk 0:00:36]} b5 {[%clk 0:00:27]} 41. Bd5 {[%clk 0:00:31]} b4 {[%clk 0:00:28]}
42. Kd4 {[%clk 0:00:31]} b3 {[%clk 0:00:27]} 43. Kxc5 {[%clk 0:00:27]} a2
{[%clk 0:00:24]} 44. Rh3 {[%clk 0:00:28]} a1=Q {[%clk 0:00:21]} 45. Rxb3+
{[%clk 0:00:29]} Ka8 {[%clk 0:00:22]} 46. Kd4 0-1

[Event "Team Championship Russia (Blitz, Men)"]
[Site "Sochi"]
[Date "2018.10.10"]
[Round "4.10"]
[White "Sergeyev, Alexander"]
[Black "Lysyj, Igor"]
[Result "0-1"]
[BlackElo "2575"]
[WhiteElo "2277"]
[LiveChessVersion "1.4.8"]

1. d4 {[%clk 0:03:03]} e6 {[%clk 0:03:00]} 2. Nf3 {[%clk 0:03:02]} Nf6
{[%clk 0:02:59]} 3. Bg5 {[%clk 0:03:01]} c5 {[%clk 0:02:58]} 4. e3
{[%clk 0:02:52]} Nc6 {[%clk 0:02:57]} 5. c3 {[%clk 0:02:40]} cxd4
{[%clk 0:02:56]} 6. exd4 {[%clk 0:02:40]} Be7 {[%clk 0:02:54]} 7. Nbd2
{[%clk 0:02:40]} b6 {[%clk 0:02:53]} 8. Bd3 {[%clk 0:02:40]} Bb7 {[%clk 0:02:54]}
9. O-O {[%clk 0:02:40]} Nd5 {[%clk 0:02:44]} 10. Bxe7 {[%clk 0:02:39]} Ncxe7
{[%clk 0:02:45]} 11. Re1 {[%clk 0:02:35]} O-O {[%clk 0:02:35]} 12. a4
{[%clk 0:02:34]} Qc7 {[%clk 0:02:29]} 13. a5 {[%clk 0:02:27]} Nf4
{[%clk 0:02:17]} 14. Be4 {[%clk 0:02:26]} Bxe4 {[%clk 0:02:14]} 15. Nxe4
{[%clk 0:02:26]} d5 {[%clk 0:01:51]} 16. Ng3 {[%clk 0:02:26]} Nfg6
{[%clk 0:01:51]} 17. Qb3 {[%clk 0:02:14]} bxa5 {[%clk 0:01:49]} 18. Qa4
{[%clk 0:02:04]} Nc6 {[%clk 0:01:49]} 19. Ra2 {[%clk 0:01:56]} Rab8
{[%clk 0:01:49]} 20. Qd1 {[%clk 0:01:40]} Rb7 {[%clk 0:01:45]} 21. Ng5
{[%clk 0:01:33]} h6 {[%clk 0:01:41]} 22. Nf3 {[%clk 0:01:32]} Rfb8
{[%clk 0:01:40]} 23. Qe2 {[%clk 0:01:25]} Rb5 {[%clk 0:01:32]} 24. h4
{[%clk 0:01:21]} Qb7 {[%clk 0:01:21]} 25. Rb1 {[%clk 0:00:57]} Rb3
{[%clk 0:01:20]} 26. h5 {[%clk 0:00:54]} Nge7 {[%clk 0:01:18]} 27. Qe3
{[%clk 0:00:48]} a4 {[%clk 0:01:07]} 28. Nd2 {[%clk 0:00:43]} Rb6
{[%clk 0:01:05]} 29. c4 {[%clk 0:00:38]} Rb4 {[%clk 0:01:03]} 30. Ne2
{[%clk 0:00:30]} dxc4 {[%clk 0:01:01]} 31. Ne4 {[%clk 0:00:27]} Nf5
{[%clk 0:00:58]} 32. Qf3 {[%clk 0:00:22]} Ncxd4 {[%clk 0:00:53]} 33. Nxd4
{[%clk 0:00:21]} Nxd4 {[%clk 0:00:54]} 34. Qg4 {[%clk 0:00:12]} Nf5
{[%clk 0:00:52]} 35. Nc5 {[%clk 0:00:08]} Qc6 {[%clk 0:00:48]} 36. Ne4
{[%clk 0:00:06]} c3 {[%clk 0:00:46]} 0-1

[Event "Team Championship Russia (Blitz, Men)"]
[Site "Sochi"]
[Date "2018.10.10"]
[Round "4.11"]
[White "Shcherbakov, Ruslan"]
[Black "Belyakov, Bogdan"]
[Result "1-0"]
[BlackElo "2464"]
[WhiteElo "2501"]
[LiveChessVersion "1.4.8"]

1. e4 {[%clk 0:03:01]} e5 {[%clk 0:03:03]} 2. Bc4 {[%clk 0:03:01]} Nc6
{[%clk 0:03:03]} 3. Nf3 {[%clk 0:03:01]} Bc5 {[%clk 0:03:03]} 4. c3
{[%clk 0:02:59]} Nf6 {[%clk 0:03:04]} 5. d3 {[%clk 0:03:00]} O-O {[%clk 0:03:03]}
6. Nbd2 {[%clk 0:03:02]} h6 {[%clk 0:02:52]} 7. O-O {[%clk 0:02:53]} a5
{[%clk 0:02:32]} 8. h3 {[%clk 0:02:47]} d6 {[%clk 0:02:32]} 9. Re1
{[%clk 0:02:39]} Be6 {[%clk 0:02:24]} 10. Bb5 {[%clk 0:02:27]} Bb6
{[%clk 0:02:04]} 11. Nf1 {[%clk 0:02:22]} Nh5 {[%clk 0:02:01]} 12. d4
{[%clk 0:02:16]} exd4 {[%clk 0:01:46]} 13. cxd4 {[%clk 0:02:17]} Bd7
{[%clk 0:01:47]} 14. Be3 {[%clk 0:01:51]} Nf6 {[%clk 0:01:34]} 15. Bd3
{[%clk 0:01:30]} Re8 {[%clk 0:01:32]} 16. Ng3 {[%clk 0:01:30]} Nb4
{[%clk 0:01:11]} 17. Bb1 {[%clk 0:01:31]} a4 {[%clk 0:00:57]} 18. a3
{[%clk 0:01:29]} Nc6 {[%clk 0:00:58]} 19. Qd3 {[%clk 0:01:28]} Kf8
{[%clk 0:00:20]} 20. Bc2 {[%clk 0:01:29]} Na5 {[%clk 0:00:21]} 21. Rad1
{[%clk 0:01:28]} Nb3 {[%clk 0:00:22]} 22. e5 {[%clk 0:01:20]} Ng8
{[%clk 0:00:23]} 23. Qh7 {[%clk 0:01:15]} d5 {[%clk 0:00:18]} 24. Nh5
{[%clk 0:01:15]} Be6 {[%clk 0:00:09]} 25. Nxg7 {[%clk 0:00:58]} Ke7
{[%clk 0:00:05]} 26. Nxe8 {[%clk 0:00:57]} Qxe8 {[%clk 0:00:06]} 27. Nh4
{[%clk 0:00:53]} Kd7 {[%clk 0:00:07]} 28. Nf5 {[%clk 0:00:49]} Ne7
{[%clk 0:00:06]} 29. Nxe7 {[%clk 0:00:43]} Qxe7 {[%clk 0:00:07]} 30. Qxh6
{[%clk 0:00:43]} Rg8 {[%clk 0:00:08]} 31. Qf6 {[%clk 0:00:36]} Qf8
{[%clk 0:00:09]} 32. Bf5 {[%clk 0:00:35]} Qe8 {[%clk 0:00:10]} 33. Bxe6+
{[%clk 0:00:32]} fxe6 {[%clk 0:00:11]} 34. Rd3 {[%clk 0:00:29]} Kc6
{[%clk 0:00:12]} 35. Rc3+ {[%clk 0:00:30]} Kb5 {[%clk 0:00:12]} 36. Qf3
{[%clk 0:00:31]} Ka6 {[%clk 0:00:13]} 37. h4 {[%clk 0:00:31]} Ka7
{[%clk 0:00:14]} 38. Rc2 {[%clk 0:00:31]} Rf8 {[%clk 0:00:15]} 39. Qg4
{[%clk 0:00:32]} Rg8 {[%clk 0:00:16]} 40. Qf3 {[%clk 0:00:29]} Qg6
{[%clk 0:00:17]} 41. Rce2 {[%clk 0:00:21]} c6 {[%clk 0:00:18]} 42. g3
{[%clk 0:00:19]} Nxd4 {[%clk 0:00:19]} 43. Bxd4 {[%clk 0:00:19]} Bxd4
{[%clk 0:00:20]} 44. Qf4 {[%clk 0:00:21]} Qxg3+ {[%clk 0:00:18]} 45. Qxg3
{[%clk 0:00:20]} Rxg3+ {[%clk 0:00:20]} 46. Kh2 {[%clk 0:00:21]} Rg4
{[%clk 0:00:19]} 47. Kh3 {[%clk 0:00:23]} Rg8 {[%clk 0:00:20]} 48. Rd1
{[%clk 0:00:20]} Bc5 {[%clk 0:00:21]} 49. Rd3 {[%clk 0:00:22]} Be7
{[%clk 0:00:21]} 50. Rg3 {[%clk 0:00:22]} Rf8 {[%clk 0:00:23]} 51. Rg6
{[%clk 0:00:19]} Rh8 {[%clk 0:00:23]} 52. Rxe6 {[%clk 0:00:19]} Bxh4
{[%clk 0:00:25]} 53. Kg4 {[%clk 0:00:20]} Bd8 {[%clk 0:00:25]} 54. f4
{[%clk 0:00:20]} d4 {[%clk 0:00:25]} 55. f5 {[%clk 0:00:21]} Ba5 {[%clk 0:00:25]}
56. Rd6 {[%clk 0:00:21]} c5 {[%clk 0:00:26]} 57. e6 {[%clk 0:00:21]} Rg8+
{[%clk 0:00:28]} 58. Kf3 {[%clk 0:00:22]} Bc7 {[%clk 0:00:28]} 59. Rd7
{[%clk 0:00:23]} Kb6 {[%clk 0:00:25]} 60. e7 {[%clk 0:00:23]} Re8
{[%clk 0:00:25]} 61. f6 {[%clk 0:00:23]} Kc6 {[%clk 0:00:27]} 62. Rxc7+
{[%clk 0:00:23]} Kxc7 {[%clk 0:00:28]} 63. f7 {[%clk 0:00:24]} 1-0

[Event "Team Championship Russia (Blitz, Men)"]
[Site "Sochi"]
[Date "2018.10.10"]
[Round "4.12"]
[White "Savitskiy, Sergey"]
[Black "Remizov, Yaroslav"]
[Result "0-1"]
[BlackElo "2227"]
[WhiteElo "2283"]
[LiveChessVersion "1.4.8"]

1. e4 {[%clk 0:03:03]} c5 {[%clk 0:03:03]} 2. Nf3 {[%clk 0:03:05]} d6
{[%clk 0:03:05]} 3. d4 {[%clk 0:03:06]} cxd4 {[%clk 0:03:06]} 4. Nxd4
{[%clk 0:03:07]} Nf6 {[%clk 0:03:07]} 5. Nc3 {[%clk 0:03:09]} g6 {[%clk 0:03:08]}
6. Be3 {[%clk 0:03:10]} Bg7 {[%clk 0:03:10]} 7. f3 {[%clk 0:03:11]} a6
{[%clk 0:03:11]} 8. Qd2 {[%clk 0:03:10]} Nbd7 {[%clk 0:03:04]} 9. O-O-O
{[%clk 0:03:08]} b5 {[%clk 0:03:07]} 10. Kb1 {[%clk 0:03:08]} Bb7
{[%clk 0:03:07]} 11. g4 {[%clk 0:03:00]} Rc8 {[%clk 0:03:01]} 12. g5
{[%clk 0:02:45]} Nh5 {[%clk 0:03:02]} 13. Nce2 {[%clk 0:02:45]} Ne5
{[%clk 0:02:38]} 14. Ng3 {[%clk 0:02:45]} Nxg3 {[%clk 0:02:28]} 15. hxg3
{[%clk 0:02:46]} Nxf3 {[%clk 0:02:26]} 16. Nxf3 {[%clk 0:02:18]} Bxe4
{[%clk 0:02:28]} 17. Be2 {[%clk 0:02:15]} Rxc2 {[%clk 0:02:25]} 18. Qxc2
{[%clk 0:02:16]} Bxc2+ 19. Kxc2 Qa5 {[%clk 0:02:11]} 20. Kb1 {[%clk 0:02:17]} Qb4
{[%clk 0:02:08]} 21. Bd4 {[%clk 0:02:18]} e5 22. Bc3 Qe4+ {[%clk 0:02:09]} 23.
Bd3 {[%clk 0:01:16]} Qxf3 24. Rhf1 Qxg3 {[%clk 0:01:56]} 25. Bd2 {[%clk 0:01:15]}
Qxd3+ 0-1

[Event "Team Championship Russia (Blitz, Men)"]
[Site "Sochi"]
[Date "2018.10.10"]
[Round "4.13"]
[White "Rakhmanov, Aleksandr"]
[Black "Artemiev, Vladislav"]
[Result "0-1"]
[BlackElo "2849"]
[WhiteElo "2578"]
[LiveChessVersion "1.4.8"]

1. Nf3 d5 {[%clk 0:03:02]} 2. d4 {[%clk 0:03:03]} Nf6 {[%clk 0:03:02]} 3. g3
{[%clk 0:03:03]} c6 {[%clk 0:03:01]} 4. Bg2 {[%clk 0:03:04]} Bg4 {[%clk 0:03:01]}
5. O-O {[%clk 0:02:59]} Nbd7 {[%clk 0:03:02]} 6. Nbd2 {[%clk 0:02:59]} e6
{[%clk 0:03:03]} 7. Re1 {[%clk 0:03:01]} Be7 {[%clk 0:03:01]} 8. e4
{[%clk 0:03:01]} O-O {[%clk 0:03:01]} 9. c3 {[%clk 0:03:02]} Rc8 {[%clk 0:03:02]}
10. Qe2 {[%clk 0:02:55]} c5 {[%clk 0:02:55]} 11. exd5 {[%clk 0:02:47]} Nxd5
{[%clk 0:02:55]} 12. h3 {[%clk 0:02:41]} Bh5 {[%clk 0:02:55]} 13. Nb3
{[%clk 0:02:37]} cxd4 {[%clk 0:02:35]} 14. Nbxd4 {[%clk 0:02:38]} Bc5
{[%clk 0:02:36]} 15. g4 {[%clk 0:02:21]} Bg6 {[%clk 0:02:36]} 16. Bg5
{[%clk 0:02:20]} Qc7 {[%clk 0:02:33]} 17. Rad1 {[%clk 0:02:18]} Rfe8
{[%clk 0:02:03]} 18. Nh4 {[%clk 0:02:16]} N7f6 {[%clk 0:01:57]} 19. Nxg6
{[%clk 0:01:43]} hxg6 {[%clk 0:01:57]} 20. Bxf6 {[%clk 0:01:29]} Nxf6
{[%clk 0:01:57]} 21. Nb3 {[%clk 0:00:55]} Bb6 {[%clk 0:01:58]} 22. Rd3
{[%clk 0:00:56]} Rcd8 {[%clk 0:01:40]} 23. Red1 {[%clk 0:00:57]} Rxd3
{[%clk 0:01:40]} 24. Qxd3 {[%clk 0:00:44]} Qf4 {[%clk 0:01:42]} 25. Qf3
{[%clk 0:00:40]} Qa4 {[%clk 0:01:42]} 26. Nc1 {[%clk 0:00:27]} Qc2
{[%clk 0:01:43]} 27. Qe2 {[%clk 0:00:23]} Qa4 {[%clk 0:01:43]} 28. Bxb7
{[%clk 0:00:20]} e5 {[%clk 0:01:42]} 29. b3 {[%clk 0:00:19]} Qf4 {[%clk 0:01:33]}
30. Qf3 {[%clk 0:00:20]} Qg5 {[%clk 0:01:33]} 31. Be4 {[%clk 0:00:21]} Qh4
{[%clk 0:01:25]} 32. Bc6 {[%clk 0:00:10]} e4 {[%clk 0:01:25]} 33. Qg2
{[%clk 0:00:07]} Re6 {[%clk 0:01:26]} 34. Bb5 {[%clk 0:00:06]} e3
{[%clk 0:01:27]} 35. Be2 {[%clk 0:00:07]} exf2+ {[%clk 0:01:26]} 36. Kf1
{[%clk 0:00:07]} Ne4 {[%clk 0:01:25]} 37. Rd3 {[%clk 0:00:07]} Qg5
{[%clk 0:01:26]} 38. Rd1 {[%clk 0:00:04]} Nd2+ {[%clk 0:01:23]} 39. Rxd2
{[%clk 0:00:05]} Qxd2 {[%clk 0:01:23]} 40. Qa8+ {[%clk 0:00:05]} Kh7
{[%clk 0:01:24]} 0-1

[Event "Team Championship Russia (Blitz, Men)"]
[Site "Sochi"]
[Date "2018.10.10"]
[Round "4.15"]
[White "Moiseenko, Vadim"]
[Black "Timofeev, Artyom"]
[Result "1-0"]
[BlackElo "2610"]
[WhiteElo "2421"]
[LiveChessVersion "1.4.8"]

1. Nf3 {[%clk 0:03:03]} d5 {[%clk 0:03:01]} 2. b3 {[%clk 0:03:04]} Nf6
{[%clk 0:02:59]} 3. Bb2 {[%clk 0:03:05]} e6 {[%clk 0:02:59]} 4. g3
{[%clk 0:03:05]} Be7 {[%clk 0:02:59]} 5. Bg2 {[%clk 0:03:06]} O-O
{[%clk 0:02:59]} 6. O-O {[%clk 0:03:06]} b6 {[%clk 0:03:01]} 7. d4
{[%clk 0:03:05]} Bb7 {[%clk 0:03:02]} 8. Nbd2 {[%clk 0:03:05]} Nbd7
{[%clk 0:03:00]} 9. e3 {[%clk 0:03:05]} c5 {[%clk 0:02:59]} 10. c4
{[%clk 0:03:04]} Rc8 {[%clk 0:02:55]} 11. Rc1 {[%clk 0:03:03]} dxc4
{[%clk 0:02:42]} 12. Nxc4 {[%clk 0:03:02]} cxd4 {[%clk 0:02:41]} 13. Qxd4
{[%clk 0:03:02]} Nc5 {[%clk 0:02:40]} 14. Rfd1 {[%clk 0:02:44]} Qxd4
{[%clk 0:02:37]} 15. Nxd4 {[%clk 0:02:43]} Bxg2 {[%clk 0:02:35]} 16. Kxg2
{[%clk 0:02:44]} Nd5 {[%clk 0:02:24]} 17. Nb5 {[%clk 0:02:27]} a6
{[%clk 0:02:07]} 18. Nc3 {[%clk 0:02:27]} Nxc3 {[%clk 0:01:58]} 19. Bxc3
{[%clk 0:02:24]} b5 {[%clk 0:01:55]} 20. Nb6 {[%clk 0:02:16]} Rc6
{[%clk 0:01:47]} 21. Bd4 {[%clk 0:02:16]} Rxb6 {[%clk 0:01:46]} 22. Bxc5
{[%clk 0:02:17]} Bxc5 {[%clk 0:01:48]} 23. Rxc5 {[%clk 0:02:18]} Rb7
{[%clk 0:01:30]} 24. Rd6 {[%clk 0:02:10]} Ra7 {[%clk 0:01:29]} 25. f4
{[%clk 0:02:00]} g6 {[%clk 0:01:30]} 26. Kf3 {[%clk 0:01:57]} Kg7
{[%clk 0:01:31]} 27. g4 {[%clk 0:01:57]} Rb8 {[%clk 0:01:27]} 28. a3
{[%clk 0:01:53]} Rbb7 {[%clk 0:01:19]} 29. Rcc6 {[%clk 0:01:54]} a5
{[%clk 0:01:20]} 30. Rc5 {[%clk 0:01:55]} b4 {[%clk 0:01:17]} 31. a4
{[%clk 0:01:57]} Rc7 {[%clk 0:01:18]} 32. Rdc6 {[%clk 0:01:52]} Rxc6
{[%clk 0:01:18]} 33. Rxc6 {[%clk 0:01:53]} Rd7 {[%clk 0:01:18]} 34. Ke2
{[%clk 0:01:49]} Rd5 {[%clk 0:01:16]} 35. Rb6 {[%clk 0:01:30]} Kf6
{[%clk 0:01:06]} 36. g5+ {[%clk 0:01:18]} Kf5 {[%clk 0:00:56]} 37. Kf3
{[%clk 0:01:15]} Ke4+ 38. Kxe4 1-0

[Event "Team Championship Russia (Blitz, Men)"]
[Site "Sochi"]
[Date "2018.10.10"]
[Round "4.16"]
[White "Sharafiev, Azat"]
[Black "Gogolev, Artem"]
[Result "1-0"]
[BlackElo "2360"]
[WhiteElo "2435"]
[LiveChessVersion "1.4.8"]

1. c4 {[%clk 0:03:03]} e6 {[%clk 0:03:02]} 2. Nf3 {[%clk 0:03:03]} d5
{[%clk 0:03:02]} 3. e3 {[%clk 0:03:03]} Nf6 {[%clk 0:03:01]} 4. b3
{[%clk 0:03:02]} g6 {[%clk 0:02:57]} 5. Bb2 {[%clk 0:03:02]} Bg7 {[%clk 0:02:58]}
6. d4 {[%clk 0:02:55]} O-O {[%clk 0:02:53]} 7. Nbd2 {[%clk 0:02:56]} b6
{[%clk 0:02:36]} 8. Bd3 {[%clk 0:02:54]} Bb7 {[%clk 0:02:33]} 9. cxd5
{[%clk 0:02:51]} Nxd5 {[%clk 0:02:32]} 10. O-O {[%clk 0:02:44]} c5
{[%clk 0:02:30]} 11. Nc4 {[%clk 0:02:29]} Nc6 {[%clk 0:02:22]} 12. dxc5
{[%clk 0:02:24]} Bxb2 {[%clk 0:02:06]} 13. Nxb2 {[%clk 0:02:25]} Qf6
{[%clk 0:01:47]} 14. Na4 {[%clk 0:02:11]} Rfd8 {[%clk 0:01:47]} 15. Qe2
{[%clk 0:02:06]} bxc5 {[%clk 0:01:10]} 16. Rac1 {[%clk 0:02:03]} Ndb4
{[%clk 0:01:05]} 17. Bc4 {[%clk 0:01:59]} Ne5 {[%clk 0:01:00]} 18. Nxe5
{[%clk 0:01:52]} Qxe5 {[%clk 0:01:01]} 19. a3 {[%clk 0:01:50]} Nc6
{[%clk 0:00:39]} 20. Bb5 {[%clk 0:01:37]} Na5 {[%clk 0:00:31]} 21. Nxc5
{[%clk 0:01:31]} Bd5 {[%clk 0:00:20]} 22. b4 {[%clk 0:01:29]} Nc6
{[%clk 0:00:17]} 23. Rfd1 {[%clk 0:00:55]} a6 {[%clk 0:00:15]} 24. Bxc6
{[%clk 0:00:52]} Bxc6 {[%clk 0:00:15]} 25. Rxd8+ {[%clk 0:00:52]} Rxd8
{[%clk 0:00:15]} 26. Qxa6 {[%clk 0:00:51]} Qb2 {[%clk 0:00:09]} 27. Rf1
{[%clk 0:00:47]} Bd5 {[%clk 0:00:09]} 28. e4 {[%clk 0:00:40]} Ba2
{[%clk 0:00:05]} 29. h4 {[%clk 0:00:33]} Qc3 {[%clk 0:00:05]} 30. Qb6
{[%clk 0:00:24]} Rd2 {[%clk 0:00:06]} 31. Qb8+ {[%clk 0:00:19]} Kg7
{[%clk 0:00:07]} 32. Qc7 {[%clk 0:00:20]} Qd4 {[%clk 0:00:04]} 33. Qg3
{[%clk 0:00:18]} Bc4 {[%clk 0:00:03]} 34. Re1 {[%clk 0:00:20]} h5
{[%clk 0:00:04]} 35. Qe3 {[%clk 0:00:19]} Qb2 {[%clk 0:00:04]} 36. e5
{[%clk 0:00:18]} Rc2 {[%clk 0:00:05]} 37. Qf4 {[%clk 0:00:16]} Bd5
{[%clk 0:00:05]} 38. Ne4 {[%clk 0:00:16]} Bxe4 {[%clk 0:00:06]} 39. Rxe4
{[%clk 0:00:16]} Rc1+ {[%clk 0:00:06]} 40. Kh2 {[%clk 0:00:16]} Qxa3
{[%clk 0:00:07]} 41. Rd4 {[%clk 0:00:09]} Rc8 {[%clk 0:00:07]} 42. Qf6+
{[%clk 0:00:10]} Kg8 {[%clk 0:00:08]} 43. Rd8+ {[%clk 0:00:09]} Rxd8
{[%clk 0:00:09]} 44. Qxd8+ {[%clk 0:00:11]} Kh7 45. Qd4 Qb3 {[%clk 0:00:08]} 46.
Qc5 {[%clk 0:00:11]} Qd3 {[%clk 0:00:06]} 47. b5 {[%clk 0:00:10]} Qd2
{[%clk 0:00:04]} 48. b6 {[%clk 0:00:09]} Qb2 {[%clk 0:00:03]} 49. g3
{[%clk 0:00:06]} Kg7 {[%clk 0:00:04]} 50. Kg2 {[%clk 0:00:07]} Qb1
{[%clk 0:00:05]} 51. Qc6 {[%clk 0:00:08]} Qb2 {[%clk 0:00:05]} 52. b7
{[%clk 0:00:08]} Qb4 {[%clk 0:00:06]} 53. Qc7 {[%clk 0:00:08]} Qe4+
{[%clk 0:00:07]} 54. Kh2 {[%clk 0:00:09]} Qe2 {[%clk 0:00:07]} 55. Qb6
{[%clk 0:00:10]} 1-0

[Event "Team Championship Russia (Blitz, Men)"]
[Site "Sochi"]
[Date "2018.10.10"]
[Round "4.17"]
[White "Paravyan, David"]
[Black "Triapishko, Alexandr"]
[Result "1-0"]
[BlackElo "2560"]
[WhiteElo "2634"]
[LiveChessVersion "1.4.8"]

1. d4 {[%clk 0:03:03]} Nf6 {[%clk 0:03:03]} 2. c4 {[%clk 0:03:05]} g6
{[%clk 0:03:04]} 3. Nc3 {[%clk 0:03:06]} d5 {[%clk 0:03:06]} 4. cxd5
{[%clk 0:03:07]} Nxd5 {[%clk 0:03:07]} 5. e4 {[%clk 0:03:08]} Nxc3 6. bxc3
{[%clk 0:03:09]} Bg7 {[%clk 0:03:09]} 7. Nf3 {[%clk 0:03:11]} c5 {[%clk 0:03:10]}
8. Bb5+ {[%clk 0:03:12]} Bd7 {[%clk 0:03:03]} 9. Bxd7+ {[%clk 0:02:55]} Nxd7
{[%clk 0:02:53]} 10. O-O {[%clk 0:02:52]} O-O {[%clk 0:02:44]} 11. Bg5
{[%clk 0:02:53]} h6 {[%clk 0:02:19]} 12. Bh4 {[%clk 0:02:44]} g5 {[%clk 0:02:02]}
13. Bg3 {[%clk 0:02:44]} Rc8 {[%clk 0:01:46]} 14. d5 {[%clk 0:02:24]} c4
{[%clk 0:01:29]} 15. Rb1 {[%clk 0:02:24]} Nc5 {[%clk 0:01:15]} 16. Qe2
{[%clk 0:02:18]} Na4 {[%clk 0:00:53]} 17. Rxb7 {[%clk 0:02:18]} Nxc3
{[%clk 0:00:54]} 18. Qc2 {[%clk 0:02:19]} f5 {[%clk 0:00:42]} 19. d6
{[%clk 0:02:12]} Rf7 {[%clk 0:00:19]} 20. d7 {[%clk 0:02:07]} Ra8
{[%clk 0:00:16]} 21. exf5 {[%clk 0:02:02]} Qf8 {[%clk 0:00:07]} 22. f6
{[%clk 0:01:47]} Bxf6 {[%clk 0:00:03]} 23. Ne5 {[%clk 0:01:47]} Nd5
{[%clk 0:00:00]} 24. Qd1 1-0